Дело о предоставлении попечителю Варшавского учебного округа права назначать сверх комплекта учителями русского языка лиц, имеющ...

Доступно только в Электронных читальных залах Найти на картеНа карте
RUSMARC
00004365nmc2a2200000 x 450
001dc98d9bc-ca2e-4c93-864a-a300c7c5a849
00520170425143118.0
100##$a20141010l18401841k l0rusy0189 ca
1010#$arus
102##$aRU
2001#$aДело о предоставлении попечителю Варшавского учебного округа права назначать сверх комплекта учителями русского языка лиц, имеющих ученые степени
$j10 марта 1840 г. - 16 января 1841 г.
251##$cДело
300##$aДело
300##$aОриг. заголовок дела: Дело по представлению попечителя Варшавского округа, о разрешении его определять имеющих ученые степени сверхкомплектными учителями русского языка по Царству Польскому. 10 марта 1840 г. - 16 января 1841 г
801#0$aRU
$bРГИА
$c20141010
$gRCR
801#1$aRU
$bГлавНИВЦ
$c20141010
$2rusmarc
801#2$aRU
$bПБ им. Б.Н. Ельцина
$c20170425
$gRCR
$2rusmarc
850##$aРГИА
852##$aРГИА
$eФедеральное казенное учреждение "Российский государственный исторический архив" (РГИА)
$j40
937##$hРГИА
$d11183399
$aASBIBLIO_SCAN
462#0$10015a39e5d3-dc69-4a86-ab96-9d2e08e41784
$12001
$aДела Департамента народного просвещения по Варшавскому учебному округу
$1251
$cОпись
$1852
$j77
461#0$1001a74412a3-3cc5-4d21-8f0a-dfe2fbd9e72d
$12001
$aДепартамент народного просвещения Министерства народного просвещения (1803-1917)
$1251
$cФонд
$1852
$j733
215##$a9 л.
$d36,5x26 см
371##$aДокумент не является опубликованным и широко распространяемым
105##$ay###
1222#$ad
5171#$aДело по предоставлению попечителя Варшавского округа, о разрешении его определять имеющих ученые степени сверхкомплектными учителями русского языка по Царству Польскому. 10 марта 1840 г. - 16 января 1841 г
035##$adc98d9bc-ca2e-4c93-864a-a300c7c5a849
856##$uhttp://readingroom.main.prlib.ru/item.aspx?id_node=n97586076&mode=full
Формат отображения